[Event "BL 2016-17"]
[Site "Germany"]
[Date "2017.04.08"]
[Round "11"]
[White "Grandelius, Nils"]
[Black "Gharamian, Tigran"]
[Result "1/2-1/2"]
[WhiteElo "2641"]
[BlackElo "2625"]
[Annotator "TA"]
[PlyCount "63"]
[EventDate "2017.??.??"]
[EventType "team-tourn"]
[EventCountry "GER"]
[SourceTitle "playchess.com"]
[Source "ChessBase"]
[SourceQuality "1"]
[WhiteTeam "Hamburger SK"]
[BlackTeam "Schwäbisch Hall"]

{[%evp 28,63,27,24,35,34,31,31,35,24,36,35,38,12,12,14,12,13,17,6,6,0,0,0,0,6,4,0,0,0,0,0,0,0,0,0,0,0]} 1. e4 c6 2. d4 d5 3. Nc3 {[%cal Bb1c3,Bc3e4,Be4g5][%mdl 32]} dxe4 4. Nxe4 Nd7 5. Ng5 Ngf6 6. Bd3 e6 7. N1f3 Bd6 8. Qe2 h6 9. Ne4 Nxe4 10. Qxe4 Nf6 11. Qe2 Qc7 12. Bd2 b6 13. O-O-O Bb7 14. Ne5 O-O-O 15. f4 c5 {B17: Caro-Kann: Modern Line (4...Nd7)} 16. dxc5 Bxc5 17. Kb1 Kb8 {White is slightly better.} 18. Rhf1 Nd5 19. c4 Nb4 20. Bxb4 Bxb4 {The position is equal.} 21. Be4 Bd6 22. Bxb7 Qxb7 23. Qf3 $146 (23. g3 $5 {is interesting.} Qc7 24. Nf3 Be7 25. Kc2 Bf6 26. Ne5) (23. g3 Rhe8 {0-1 (59) Bobras,P (2523)-Heberla,B (2553) Bialystok 2016}) 23... Qxf3 24. Rxf3 Bxe5 $1 25. Rxd8+ Rxd8 26. fxe5 $11 {[%mdl 4096] Endgame KR-KR} Rd2 27. g4 Rd4 28. h3 Rxc4 29. Rxf7 Rc7 30. Rf8+ Rc8 31. Rf7 Rc7 32. Rf8+ 1/2-1/2

[Event "BL 2016-17"]
[Site "Germany"]
[Date "2017.04.08"]
[Round "11"]
[White "Nielsen, Peter Heine"]
[Black "Sarbok, Torsten"]
[Result "1-0"]
[WhiteElo "2639"]
[BlackElo "2304"]
[Annotator "TA"]
[PlyCount "85"]
[EventDate "2017.??.??"]
[EventType "team-tourn"]
[EventCountry "GER"]
[SourceTitle "playchess.com"]
[Source "ChessBase"]
[SourceQuality "1"]
[WhiteTeam "Baden-Baden"]
[BlackTeam "König Tegel"]

{[%evp 15,85,58,73,51,50,52,92,72,66,63,62,58,54,58,65,39,40,11,63,6,13,7,44,45,50,35,70,66,66,-38,-45,-34,-45,-74,-34,-98,-33,-86,-21,-37,-3,-8,-27,0,0,0,19,-4,0,0,0,0,22,10,90,83,109,79,568,543,581,155,29971,29972,29972,29972,29972,29973,29992,29993,29995,29996]} 1. d4 d5 2. c4 dxc4 3. e4 Nf6 4. e5 Nd5 5. Bxc4 Nb6 6. Bd3 Nc6 7. Be3 Be6 8. Nc3 Bd5 {LiveBook: 5 Games. D20: Queen's Gambit Accepted: 3 e3 and 3 e4} (8... g6 9. Nge2 Nb4 10. Be4 N4d5 11. O-O Bg7 12. Nf4 Nxf4 13. Bxf4 c6 14. Be3 O-O 15. f4 Qd7 16. Qe2 {1-0 (60) Gelfand,B (2777)-Nakamura,H (2789) Zuerich 2014}) 9. Nxd5 Qxd5 10. Nf3 Nb4 {White is slightly better.} 11. Bb1 $146 (11. Be2 Qd7 12. O-O e6 13. Ng5 Be7 14. Ne4 O-O-O 15. Rc1 Kb8 16. a3 {0-1 (41) Kaufman,R (2333)-Nikolic,P (2592) Leiden 2010}) 11... Qd7 12. O-O e6 13. Qe2 Be7 14. a3 N4d5 {[%cal Bb4d5,Bd5c7,Bc7b5][%mdl 32]} 15. Bd2 h6 16. Bd3 c6 (16... O-O-O $1 $11) 17. Rac1 (17. h3 $14) 17... Nc7 18. Rfd1 Nbd5 19. b4 a6 20. Rb1 Nb5 21. Rb3 Nb6 22. Be1 ({White should play} 22. Be3 $1 $14) 22... g5 $15 ({Weaker is} 22... Nxd4 23. Nxd4 Qxd4 24. Bxa6 Qxd1 25. Qxd1 $16) 23. h3 h5 {And now ...g4 would win.} 24. Be4 O-O-O {...g4 is the strong threat.} 25. Rbd3 (25. Qa2 $1 $15 Na4 26. Qc2) 25... Nd5 ({Black should try} 25... g4 $17 26. hxg4 hxg4) 26. Bd2 (26. g3 $15) 26... Rdg8 ({Better is} 26... g4 $17 27. Ne1 f5 28. exf6 Nxf6) 27. Nh2 $11 f5 28. exf6 $1 Bxf6 29. Nf3 $1 g4 30. Ne5 $1 {[%cal Re5d7]} Qe8 (30... Nxd4 $6 31. Rxd4 Qg7 32. Bxd5 exd5 33. Re1 $16) 31. Rc1 {Black must now prevent Nxc6!} Nxd4 32. Rxd4 {Hoping for Bxd5.} Bxe5 33. Rd3 $1 Bd6 34. a4 gxh3 {[#]} (34... Kb8 $11 {keeps the balance.}) 35. b5 $1 $16 {[%cal Rb5c6]} ({Much worse is} 35. Rxh3 $6 Kb8 $11) 35... axb5 36. axb5 hxg2 $2 {[%mdl 8192] [#]} (36... c5 $16) 37. bxc6 $1 $18 bxc6 {Threatens to win with ...Kd7.} 38. Rb3 $2 (38. Bxd5 $18 {and the rest is easy.} exd5 39. Re3) 38... Qd7 $2 (38... Nc7 $16) 39. Bxd5 {White mates.} exd5 40. Qa6+ Kd8 41. Rb7 Qc8 42. Ba5+ Ke8 43. Qe2+ 1-0

[Event "BL 2016-17"]
[Site "Germany"]
[Date "2017.04.08"]
[Round "11"]
[White "Bluebaum, Matthias"]
[Black "Nisipeanu, Liviu-Dieter"]
[Result "1/2-1/2"]
[WhiteElo "2634"]
[BlackElo "2684"]
[Annotator "TA"]
[PlyCount "44"]
[EventDate "2017.??.??"]
[EventType "team-tourn"]
[EventCountry "GER"]
[SourceTitle "playchess.com"]
[Source "ChessBase"]
[SourceQuality "1"]
[WhiteTeam "Werder Bremen"]
[BlackTeam "TU Dresden"]

{[%evp 18,44,33,22,27,29,50,47,47,47,50,52,57,54,63,10,22,12,23,21,27,10,12,17,0,0,29,0,0]} 1. d4 Nf6 2. c4 e6 3. Nf3 d5 4. Nc3 Bb4 5. cxd5 exd5 6. Bg5 h6 7. Bh4 Nbd7 {D38: Queen's Gambit Declined: Ragozin Defence (4 Nf3 Bb4)} (7... O-O 8. e3 Bf5 9. Qb3 Bxc3+ 10. bxc3 Nbd7 11. Be2 c5 12. dxc5 Nxc5 13. Qb4 Nce4 14. Nd4 Bh7 15. O-O {1-0 (48) Grischuk,A (2742)-Eljanov,P (2759) Sharjah 2017}) 8. Qc2 g5 9. Bg3 Ne4 10. Nd2 {LiveBook: 12 Games} Bxc3 $146 (10... Nxg3 11. hxg3 Nb6 12. e3 c6 13. Bd3 Be6 14. Kf1 Qf6 15. a3 Bd6 {1-0 (46) Edouard,R (2611)-Vocaturo,D (2606) Sitges 2016}) 11. bxc3 Nxg3 12. hxg3 Nf6 13. e3 Kf8 14. Bd3 Qe7 15. c4 dxc4 16. Nxc4 ({White should play} 16. Bxc4 $14 Kg7 17. Nf3) 16... c5 $11 17. dxc5 Qxc5 18. Qb2 Kg7 19. Nd2 {[#] Hoping for Qxf6+!} Qb6 20. Qxb6 axb6 21. Bc4 Ng4 22. Ke2 Ne5 1/2-1/2

[Event "BL 2016-17"]
[Site "Germany"]
[Date "2017.04.08"]
[Round "11"]
[White "Gajewski, Grzegorz"]
[Black "Efimenko, Zahar"]
[Result "0-1"]
[WhiteElo "2628"]
[BlackElo "2650"]
[Annotator "TA"]
[PlyCount "68"]
[EventDate "2017.??.??"]
[EventType "team-tourn"]
[EventCountry "GER"]
[SourceTitle "playchess.com"]
[Source "ChessBase"]
[SourceQuality "1"]
[WhiteTeam "TU Dresden"]
[BlackTeam "Werder Bremen"]

{[%evp 6,68,61,60,52,40,38,37,47,42,53,56,53,39,44,41,58,51,70,-64,-73,-70,-77,-67,-68,-66,-68,-62,-65,-70,-51,-71,-67,-56,-58,-71,-62,-71,-76,-73,-76,-72,-69,-74,-70,-62,-70,-62,-45,-121,-116,-185,-183,-758,-758,-791,-778,-957,-694,-945,-930,-909,-904,-887,-880]} 1. d4 d6 2. Nf3 Bg4 3. c4 Nf6 4. Nc3 g6 {A53: Old Indian Defence without Nf3} (4... Bxf3 5. exf3 g6 6. Be3 Bg7 7. Qb3 Qc8 8. Be2 O-O 9. O-O c6 10. d5 Nbd7 11. Rac1 Qc7 12. Rfd1 Rfc8 13. f4 Nc5 {½-½ (44) Gelfand,B (2741)-Romanov,E (2573) Skopje 2015}) 5. d5 Bg7 6. h3 Bxf3 {White is slightly better.} 7. exf3 c6 8. Be2 O-O 9. O-O Nbd7 10. Be3 $146 (10. f4 Qa5 11. Bd2 Rfc8 12. Rb1 cxd5 13. Nxd5 {½-½ (24) Wojtkiewicz,A (2535)-Rukavina,J (2420) Pula 1998}) 10... Nb6 11. Rc1 Rc8 12. Bd4 ({White should play} 12. Qb3 $14) 12... cxd5 $15 13. Bxf6 Bxf6 14. cxd5 Rc5 15. Ne4 Rxd5 16. Nxf6+ exf6 17. Qb3 Rc5 18. Rcd1 Qe7 19. Rd2 Re5 20. Bd3 Rc8 21. f4 Re1 22. Rd1 Rxd1 23. Rxd1 d5 24. g3 Kg7 25. Bf1 Qc5 26. Bg2 {[%cal Rg2d5]} Qc2 27. Bxd5 (27. Qxc2 $1 $15 Rxc2 28. Bxd5) 27... Nxd5 $17 28. Rxd5 $15 {[%mdl 4096] Endgame [#] KQR-KQR} (28. Qxc2 $17 Rxc2 29. Rxd5) 28... Qe2 $1 $19 {White must now prevent ...Rc1+.} 29. Kg2 $2 {[#]} (29. Qd1 Qxb2 30. Rd2) 29... Rc1 $1 {Black is clearly winning.} ({Weaker is} 29... Rc2 30. Qf3 $17) 30. Qd3 Qe1 {[%csl Gc1][%cal Re1h1]} (30... Qxb2 $2 31. Rd7 Qxa2 32. f5 $19) 31. g4 Qg1+ 32. Kf3 Qh2 33. Ke2 Qh1 34. Qd2 Qf1+ 0-1

[Event "BL 2016-17"]
[Site "Germany"]
[Date "2017.04.08"]
[Round "11"]
[White "Melkumyan, Hrant"]
[Black "Neiksans, Arturs"]
[Result "1-0"]
[WhiteElo "2627"]
[BlackElo "2620"]
[Annotator "TA"]
[PlyCount "138"]
[EventDate "2017.??.??"]
[EventType "team-tourn"]
[EventCountry "GER"]
[SourceTitle "playchess.com"]
[Source "ChessBase"]
[SourceQuality "1"]
[WhiteTeam "SF Berlin"]
[BlackTeam "Speyer-Schwegenheim"]

{[%evp 16,138,33,35,37,36,39,25,31,6,14,14,14,10,19,20,17,10,10,0,0,0,40,51,45,50,83,83,86,87,78,79,83,80,73,75,72,55,74,62,91,72,90,64,65,65,75,0,0,0,0,0,0,0,0,0,0,0,0,0,46,0,0,0,18,0,39,25,25,25,25,25,25,25,61,28,60,32,45,44,39,43,107,100,156,152,156,162,146,127,132,137,329,329,303,304,270,115,429,413,377,386,345,389,376,368,328,381,351,365,600,585,541,536,611,586,1029,949,29964,10671,2061,1936,29986,29987,29987]} 1. d4 Nf6 2. c4 e6 3. g3 d5 4. Nf3 Bb4+ 5. Bd2 Bd6 6. Bg2 O-O 7. O-O c6 8. Nc3 Nbd7 9. b3 h6 {E01: Catalan: Early deviations} 10. Qc2 Re8 11. Rad1 Qe7 $146 {White has an edge.} (11... a5 12. Rfe1 Bb4 13. Bc1 a4 14. Nd2 axb3 15. axb3 e5 16. cxd5 cxd5 17. Bb2 {1-0 (42) Jianu,V (2538)-Radulski,J (2606) Belgrade 2010}) 12. e4 dxe4 13. Nxe4 Nxe4 14. Qxe4 e5 $1 {[%cal Be6e5,Be5e4][%mdl 32]} 15. Bc3 Nf6 16. Qc2 e4 17. Rde1 Bf5 18. Nd2 e3 19. Qxf5 e2 20. d5 c5 21. Rxe2 Qxe2 22. Bf3 (22. Bxf6 $6 Qxd2 23. Ba1 Qg5 24. Qxg5 hxg5 $11) 22... Qe7 23. Bxf6 $1 Qxf6 24. Qxf6 gxf6 25. Ne4 Red8 26. Nxf6+ ({Of course not} 26. Nxd6 Rxd6 27. Rd1 Re8 $11) 26... Kg7 27. Ne4 (27. Ng4 $5 {is more complex.} f5 28. Ne3 Rf8 29. Bh5 f4 30. Ng2) 27... Rac8 28. Re1 Rc7 29. g4 Re7 30. Rd1 Kg6 31. Ng3 (31. h4 $16) 31... Bxg3 $1 $11 32. hxg3 {[%mdl 4096] Endgame KRR-KRB} Rd6 33. Kg2 Kg7 34. Kf1 Re8 35. Rd2 Kf8 36. Rd1 Ke7 37. Be4 Kf6 38. Bf3 Re5 39. Be2 Kg7 40. Bd3 Kf6 41. f4 Re8 42. Kf2 Kg7 43. Bf5 Kf8 44. Kf3 Re7 45. Rh1 Kg7 46. a4 Rb6 47. Bc2 Rd6 48. g5 hxg5 (48... a5 $14) 49. fxg5 $16 Re5 ({Black should try} 49... Rb6) 50. g4 $1 a5 51. Rh7+ Kf8 52. Rh8+ $1 Ke7 53. Rc8 b6 $2 (53... Kd7 $16 54. Rxc5 b6) 54. Bf5 $18 Re1 55. Rc7+ Kf8 56. Rb7 (56. Kf4 $1 $18 {and the rest is easy.}) 56... Ke8 $2 {[%mdl 8192]} (56... Rf1+ $16 {is tougher.} 57. Kg3 Ke8) 57. Kf4 Re2 58. Be4 Kf8 59. Bd3 Re1 60. Bf5 Ke8 {[#]} 61. g6 $1 {[%cal Rg6g7]} fxg6 {[#]} 62. Be6 $1 Rf1+ $2 ({And not} 62... Rexe6 63. dxe6 Rxe6 64. Kg5 $16) (62... Rdxe6 63. dxe6 Rxe6) 63. Kg5 Rg1 64. Kf6 (64. Kxg6 Rxg4+ 65. Kf6 Rh4 66. Rb8+ Rd8 67. Rxb6 Rh6+ 68. Ke5 Rh5+ 69. Bf5 Kf7 $16) 64... Rf1+ 65. Kxg6 Rf3 66. g5 {[%cal Bg4g5,Bg5g6][%mdl 32]} Rxb3 67. Kf6 Rf3+ 68. Ke5 Rd8 69. g6 (69. Rxb6 Rg3 70. Kf6 Rf3+ 71. Bf5 Kf8 $18) 69... Re3+ 1-0

[Event "BL 2016-17"]
[Site "Germany"]
[Date "2017.04.08"]
[Round "11"]
[White "Miton, Kamil"]
[Black "Le Roux, Jean-Pierre"]
[Result "1/2-1/2"]
[WhiteElo "2619"]
[BlackElo "2542"]
[Annotator "TA"]
[PlyCount "74"]
[EventDate "2017.??.??"]
[EventType "team-tourn"]
[EventCountry "GER"]
[SourceTitle "playchess.com"]
[Source "ChessBase"]
[SourceQuality "1"]
[WhiteTeam "Hamburger SK"]
[BlackTeam "Schwäbisch Hall"]

{[%evp 24,74,-51,-47,-46,-50,-45,-123,-120,-161,-175,-183,-72,-102,-20,-29,-22,-90,-91,-77,-81,-84,-77,-77,-77,-77,-72,-94,-77,-96,-88,-91,0,0,0,0,0,-13,0,0,0,0,0,0,0,0,0,0,0,0,0,0,0]} 1. d4 Nf6 2. c4 g6 3. Nc3 d5 4. Nf3 Bg7 5. Qb3 dxc4 6. Qxc4 O-O 7. e4 Na6 8. Be2 c5 9. d5 e6 10. Bg5 exd5 {D97: Grünfeld: Russian System: 7 e4, replies other than 7...Bg4} 11. Nxd5 Be6 12. O-O-O (12. Rd1 Qa5+ 13. Rd2 Bxd5 14. exd5 Rfe8 15. Bxf6 Bxf6 16. O-O Rad8 17. d6 Nb4 18. Qf4 {1-0 (34) Morozevich,A (2736)-Gelfand,B (2773) Beijing 2013}) 12... Bxd5 13. Rxd5 {LiveBook: 5 Games} Qe8 $146 (13... Qb6 14. Bxf6 Qxf6 15. e5 Qf5 16. Bd3 Qc8 17. Rd6 Nb4 18. Be4 {½-½ (30) Piket,J (2625)-Timman,J (2595) Amsterdam 1995}) 14. Bxf6 Bxf6 15. Rhd1 (15. Kb1 $15) 15... Nb4 $1 $17 16. Rd6 (16. Rxc5 $2 Na6 17. b4 Nxc5 18. bxc5 Qe7 $19) 16... b5 $1 {[%cal Rb5c4]} 17. Qxb5 Nxa2+ (17... Qxe4 $19 {[%csl Gb4][%cal Re4c2] has better winning chances.} 18. Qc4 Bd4 $1 {[%mdl 512]} 19. Nxd4 Qf4+ 20. Kb1 Qxd6) 18. Kd2 {Black must now prevent Qxe8.} ({But not} 18. Kb1 $2 {[#]} Nc3+ $1 {[%mdl 512]} 19. bxc3 Rb8 $19) 18... Rb8 (18... Qxb5 $17 19. Bxb5 Bxb2) 19. Qxe8 $11 Rxb2+ 20. Ke3 (20. Kd3 $11 Rxe8 21. Rxf6) 20... Rxe8 $17 21. Rxf6 {And now Bc4 would win.} Nc3 22. e5 {Hoping for Rd7.} ({Don't capture} 22. Rd2 $2 Rxd2 23. Bb5 Re7 24. Nxd2 Nd5+ 25. Kd3 Nxf6 $19) 22... Rxe2+ 23. Kd3 Nxd1 24. Kxe2 {[%mdl 4096] Endgame KRN-KRN} Nc3+ 25. Kd3 Nd5 26. Rd6 Nf4+ 27. Ke4 Ne6 (27... Nxg2 $17 28. Rc6 Rb8 29. Rxc5 Rb2) 28. Ra6 $11 {The position is equal.} Re7 29. Nd2 Rb7 30. Ke3 Kf8 31. Nc4 Nc7 32. Ra5 Ne6 33. Nd6 Rb3+ 34. Kd2 Rb2+ 35. Ke3 Rb3+ 36. Kd2 Rb2+ 37. Ke3 Rb3+ 1/2-1/2

[Event "BL 2016-17"]
[Site "Germany"]
[Date "2017.04.08"]
[Round "11"]
[White "L'Ami, Erwin"]
[Black "Hoffmann, Michael"]
[Result "1/2-1/2"]
[WhiteElo "2611"]
[BlackElo "2457"]
[Annotator "TA"]
[PlyCount "78"]
[EventDate "2017.??.??"]
[EventType "team-tourn"]
[EventCountry "GER"]
[SourceTitle "playchess.com"]
[Source "ChessBase"]
[SourceQuality "1"]
[WhiteTeam "Solingen"]
[BlackTeam "Aufwärts Aachen"]

{[%evp 19,78,36,41,39,44,32,38,32,27,9,5,0,6,0,8,0,0,0,0,0,0,-8,-8,-8,-8,-8,0,0,13,13,12,8,7,9,13,0,21,0,0,0,0,0,0,0,0,0,0,0,0,0,0,0,0,0,0,0,0,0,0,0,0]} 1. d4 Nf6 2. c4 c5 3. d5 b5 4. cxb5 a6 5. bxa6 g6 6. Nc3 {A58: Benko/Volga Gambit: Lines with 5 bxa6} Bg7 7. a7 Rxa7 8. e4 O-O 9. Nf3 e6 (9... d6 10. Be2 Nbd7 11. O-O Qb6 12. Qc2 Ba6 13. Bxa6 Rxa6 {½-½ (68) Ponomariov,R (2709)-Andriasian,Z (2621) Tallinn 2016}) 10. Be2 exd5 {LiveBook: 17 Games} 11. exd5 d6 12. O-O Na6 13. Bf4 Nc7 14. Qd2 $146 Re8 {The position is equal.} 15. Bg5 Bb7 16. Rfe1 Qa8 {[%cal Rf6d5]} 17. Bc4 Rxe1+ 18. Rxe1 ({But not} 18. Qxe1 Nfxd5 19. Rd1 (19. Ne4 $2 Nb6 20. Nxd6 Nxc4 21. Nxc4 Bxf3 22. gxf3 Qxf3 $17) 19... h6 $17) 18... Nfxd5 19. Ne4 Qf8 20. h4 h6 21. Bf4 $1 {[%cal Rf4d6]} Nxf4 22. Qxf4 Bxe4 23. Qxe4 d5 24. Bxd5 Nxd5 25. Qxd5 Bxb2 26. h5 g5 27. Nh2 Qc8 28. Qc4 Kg7 29. Ng4 Bd4 30. Ne3 Qe6 31. Qxe6 fxe6 $11 {[%mdl 4096] Endgame KRB-KRN} 32. Ng4 e5 33. Re2 c4 {Strongly threatening ...Rb7.} 34. Rc2 c3 35. Kf1 Rb7 {And now ...Rb2 would win.} 36. Ke2 Rb2 37. Kd1 Rb1+ 38. Rc1 Rb2 {...Rd2+ is the strong threat.} 39. Rc2 $1 {[%cal Rc2b2]} Rb1+ 1/2-1/2

[Event "BL 2016-17"]
[Site "Germany"]
[Date "2017.04.08"]
[Round "11"]
[White "Predojevic, Borki"]
[Black "Dambacher, Martijn"]
[Result "1-0"]
[WhiteElo "2611"]
[BlackElo "2466"]
[Annotator "TA"]
[PlyCount "99"]
[EventDate "2017.??.??"]
[EventType "team-tourn"]
[EventCountry "GER"]
[SourceTitle "playchess.com"]
[Source "ChessBase"]
[SourceQuality "1"]
[WhiteTeam "Solingen"]
[BlackTeam "Aufwärts Aachen"]

{[%evp 16,99,13,18,27,20,12,7,15,0,0,0,0,0,0,0,1,0,10,0,0,0,12,0,22,33,22,22,38,1,22,29,55,12,12,12,21,22,52,52,58,51,44,44,44,44,51,51,51,52,52,52,52,52,115,85,181,177,186,53,173,8,302,273,291,0,52,0,279,265,368,360,425,418,414,410,375,334,1043,983,1262,1209,1616,1230,1562,1512]} 1. e4 e5 2. Nf3 Nc6 3. Bb5 g6 4. d4 exd4 5. Bg5 Be7 6. Bxe7 Qxe7 7. Bxc6 dxc6 8. Qxd4 Nf6 9. Nc3 Bg4 {C60: Ruy Lopez: Unusual Black 3rd moves and 3...g6} 10. Nd2 c5 11. Qe3 O-O-O {The position is equal.} 12. h3 Bd7 13. O-O-O Bc6 14. f3 b6 15. Nc4 Nh5 (15... h5 16. b3 Kb7 17. Qg5 Rxd1+ 18. Rxd1 {1-0 (42) Ponomariov,R (2706)-Ibarra Jerez,J (2563) Madrid 2016}) 16. Rhe1 $146 (16. g4 Ng7 17. f4 {1-0 (53) Amanov,Z (2375)-Remlinger,L (2308) Los Angeles 2013}) 16... g5 17. Qf2 Nf4 18. Ne3 $36 {[%mdl 2048] White has some pressure.} f6 19. h4 h6 20. g3 Ng6 21. h5 Ne5 22. Ncd5 Qe6 23. g4 Kb8 24. Rd2 Bb7 25. Red1 c6 26. Nc3 Kc7 27. Rxd8 Rxd8 28. Rxd8 Kxd8 29. Nf5 Nf7 $1 30. Qd2+ Qd7 31. Qxd7+ Kxd7 $14 {[%mdl 4096] Endgame KBN-KNN} 32. Kd2 Ba6 33. b3 {[%cal Bb2b3,Bb3b4][%mdl 32]} Ke6 34. Ke3 Ke5 ({Better is} 34... Kd7 $14) 35. Nd1 c4 (35... Ke6 $16) 36. b4 $18 Bc8 37. Nc3 (37. Ne7 $18 Bd7 38. a3) 37... Bd7 ({Black should play} 37... Bxf5 $1 $14 38. gxf5 (38. exf5 Nd6 $11) 38... Kd6) 38. a3 $2 (38. Ne7 $1 $18) 38... b5 $2 {[%mdl 8192]} (38... Bxf5 $1 $11 39. gxf5 (39. exf5 Nd6 $11) 39... Kd6) 39. Ne7 $1 {[%cal Re7g8]} Ke6 {[#]} 40. Nf5 $2 (40. Ng8 $1 $18) 40... Ke5 $14 41. Ne7 ({White should try} 41. Ng3 $14) 41... Kd6 $2 {[%mdl 8192] [#]} (41... Ke6 $1 $11 {and Black has nothing to worry.} 42. Ng8 (42. Nf5 Bc8 43. Ne2 Kd7 $16) 42... Bc8) 42. Ng8 $1 $18 Ke5 43. Ne2 Be6 44. Nd4 Bd7 45. c3 a6 46. Nf5 Bxf5 $2 (46... Ke6 47. Ngxh6 Ne5 48. Nd4+ Ke7 49. Nhf5+ Kf8) 47. gxf5 {White is clearly winning.} ({Less strong is} 47. exf5 c5 48. bxc5 Kd5 49. Nxf6+ Kxc5 $18) 47... Kd6 48. Nxf6 c5 49. Ng4 cxb4 50. axb4 1-0

[Event "BL 2016-17"]
[Site "Jenbach"]
[Date "2017.04.22"]
[Round "11"]
[White "Predojevic, Borki"]
[Black "Rotstein, Arkadij"]
[Result "1-0"]
[WhiteElo "2611"]
[BlackElo "2502"]
[Annotator "TA"]
[PlyCount "67"]
[EventDate "2017.??.??"]
[EventCountry "AUT"]
[SourceTitle "playchess.com"]
[Source "ChessBase"]
[SourceQuality "1"]
[WhiteTeam "Maria Saal"]
[BlackTeam "Absam"]

{[%evp 11,67,44,46,53,54,52,40,41,68,68,74,69,88,82,90,93,94,95,98,73,103,99,212,205,213,207,201,207,193,194,227,220,272,284,349,314,803,249,228,220,892,864,848,766,2306,2306,2199,2052,29992,2018,29989,29978,29994,29995,29995,29993,29994,29994]} 1. e4 g6 2. d4 Bg7 3. Nf3 c6 4. Bd3 d5 5. e5 c5 {B06: Modern Defence} 6. c3 Nc6 {LiveBook: 3 Games} 7. O-O cxd4 {White is slightly better.} 8. cxd4 Bg4 9. Nbd2 Nh6 10. h3 Bf5 11. Nb3 Bxd3 12. Qxd3 O-O $146 (12... e6 13. Bg5 {1-0 (25) Groszpeter,A (2486)-Boguszlavszkij,J (2280) Zalakaros 2003}) 13. Bf4 e6 14. Bg5 Qb6 15. Nc5 {[%cal Bb3c5,Bc5d3,Bd3f4][%mdl 32] aiming for Nd7.} Qc7 16. Rac1 Rac8 (16... Nf5 $16) 17. Qd2 $1 $18 Nf5 18. g4 Nfe7 19. Bf6 b6 20. Nd3 Qb7 21. Kg2 (21. Bxg7 $6 Kxg7 22. Kg2 h6 $14) 21... Nb8 {[#]} 22. h4 $1 (22. Bxg7 Kxg7 23. Qg5 Ng8 $14) 22... h6 23. h5 (23. Bxg7 Kxg7 24. Rh1 (24. Qf4 Nd7 $14) 24... Rxc1 25. Nxc1 (25. Qxc1 Nec6 $14) (25. Rxc1 Rc8 $14) 25... Rh8 $14) 23... gxh5 $2 (23... Rc4 24. Rh1 (24. Bxg7 Kxg7 25. hxg6 Rxc1 26. Rxc1 Nxg6 $16) 24... g5 25. Bxg5 Kh7) 24. Bxg7 $2 ({Worse is} 24. gxh5 Bxf6 25. exf6 Nf5 $11) (24. Rh1 Rxc1 25. Nxc1) 24... Kxg7 {[#]} 25. Nf4 $1 {[%cal Rf4h5]} ({And not} 25. gxh5 Nbc6 $15) 25... hxg4 $2 (25... Rh8 26. Nxh5+ Kf8) 26. Nh5+ Kg6 27. Qd3+ Nf5 28. Nh4+ $1 {[%cal Bf3h4,Bh4f5,Bf5d6][%mdl 32]} Kxh5 29. Nxf5 {White wants to mate with Rh1+.} Rxc1 30. Rxc1 (30. Ng7+ $142 Kg5 31. Rxc1 Nd7 32. Rh1 f5 33. Qd2+ f4 34. Nxe6+ Kg6 35. Qd3+ Kf7 36. Rxh6 f3+ 37. Kg3) 30... Kg5 31. Nd6 {White mates.} Qd7 32. f4+ gxf3+ 33. Kxf3 Qe7 34. Rg1+ 1-0

[Event "BL 2016-17"]
[Site "Germany"]
[Date "2017.04.08"]
[Round "11"]
[White "Hracek, Zbynek"]
[Black "Paehtz, Elisabeth"]
[Result "1-0"]
[WhiteElo "2610"]
[BlackElo "2454"]
[Annotator "TA"]
[PlyCount "92"]
[EventDate "2017.??.??"]
[EventType "team-tourn"]
[EventCountry "GER"]
[SourceTitle "playchess.com"]
[Source "ChessBase"]
[SourceQuality "1"]
[WhiteTeam "Werder Bremen"]
[BlackTeam "TU Dresden"]

{[%evp 21,92,5,22,0,3,2,0,7,9,0,28,0,0,-2,-3,-4,0,0,3,-14,17,33,21,25,26,0,33,29,48,16,16,14,19,14,25,32,13,16,18,18,18,31,35,41,41,41,41,41,87,62,71,0,90,79,73,64,71,0,58,60,131,133,132,120,29968,29970,29978,29979,29978,29979,29982,29983,29983]} 1. e4 e5 2. Nf3 Nc6 3. Bc4 Bc5 4. d3 Nf6 5. O-O d6 6. c3 a6 7. a4 {C54: Giuoco Piano: 4 c3 Nf6, main lines with 5 d4 and 5 d3} Ba7 8. Re1 h6 9. Nbd2 O-O 10. h3 Ne7 11. d4 Ng6 {LiveBook: 5 Games} 12. Bf1 Re8 13. Qc2 $146 (13. a5 Bd7 14. b4 Bc6 15. d5 Bd7 16. c4 Nf4 17. c5 g5 18. Nc4 {1-0 (34) Kramnik,V (2808)-Radjabov,T (2722) Baku 2016}) 13... Bd7 14. b4 Nh7 15. dxe5 dxe5 16. Nc4 Qf6 17. Ne3 Nf4 18. Nf5 g6 19. Bxf4 gxf5 20. Be3 f4 21. Bxa7 Rxa7 22. Bc4 Ng5 {Strongly threatening ...Nxf3+.} 23. Nxg5 Qxg5 24. Qd3 Be6 25. Rad1 Raa8 26. Bxe6 Rxe6 27. Qf3 Rd8 28. Rxd8+ Qxd8 $11 {[%mdl 4096] Endgame KQR-KQR} 29. Rd1 $36 {[%mdl 2048] White has the initiative.} Rd6 30. Rd5 Rxd5 31. exd5 {KQ-KQ} Qd6 32. Qg4+ Kh7 33. Qf5+ Kg7 34. c4 c6 35. dxc6 bxc6 36. Qb1 (36. Qg4+ $16 Kf6 37. c5) 36... Kf6 (36... e4 $1 $11) 37. b5 cxb5 38. cxb5 axb5 39. Qxb5 ({White should play} 39. axb5 $16 {Black must now prevent b6.} Qb6 40. Qb2) 39... Qd1+ (39... e4 $11) 40. Kh2 $14 Qd4 {[#]} (40... Qd2 $14) 41. a5 $1 $16 {[%cal Ba4a5,Ba5a6,Ba6a7][%mdl 32]} Ke6 ({Wrong is} 41... Qxf2 $2 42. Qb6+ Qxb6 43. axb6 $18) 42. f3 Qa1 $2 {[%mdl 8192]} (42... Qa7 $16) 43. a6 {White mates.} Kf6 {[#]} 44. Qb6+ $1 Kg7 45. a7 e4 46. Qb8 e3 1-0